| 000 | 01742nam a22004457a 4500 | ||
|---|---|---|---|
| 003 | CHAP | ||
| 005 | 20220329143240.0 | ||
| 008 | 070824s2007 mx r 00010 spa d | ||
| 010 | _a93916 | ||
| 011 | _a94888 | ||
| 035 | _a105487 | ||
| 040 | _cCHAP | ||
| 090 | _aTesis | ||
| 100 | 1 |
_aMota Hernández, Carlos René. _979060 |
|
| 245 | 1 | 0 |
_aFactibililad técnico - económica de la producción de leche bajo sistéma estabulado en Tezontepec de Aldama, Hidalgo _c/por Carlos René Mota Hernández |
| 260 |
_aChapingo, Méx. : _bEl autor, _c2007 |
||
| 300 |
_a75 h.: _bgráfs. ; cuadro. ; mapa |
||
| 502 | _aTesis (Ing. Agr. Esp. en Economía Agrícola) -- UACH. División de Ciencias Económico Administrativas | ||
| 530 | _aTambién disponible en línea | ||
| 590 |
_aALEPH _b10 _c20130110 _lUCH01 _h1519 |
||
| 590 |
_aBATCH-UPD _b10 _c20130110 _lUCH01 _h0832 |
||
| 590 |
_aBATCH-UPD _b10 _c20130410 _lUCH01 _h0510 |
||
| 590 |
_aBATCH-UPD _b10 _c20130914 _lUCH01 _h1408 |
||
| 590 |
_aBATCH-UPD _b10 _c20140324 _lUCH01 _h1503 |
||
| 590 |
_aBATCH-UPD _b10 _c20141002 _lUCH01 _h0834 |
||
| 590 |
_aCONVERSION _b10 _c20130109 _lUCH01 _h1352 |
||
| 650 | 1 | 4 |
_aFinanzas _xEvaluación. _940940 |
| 650 | 1 | 4 |
_aGanado Holstein _zHidalgo. _945147 |
| 650 | 1 | 4 |
_aGanado lechero _xHidalgo. _945270 |
| 650 | 1 | 4 |
_aGanado lechero _xProducción. _945288 |
| 650 | 1 | 4 |
_aLeche _xMercadeo _zTlaxcala. _965393 |
| 650 | 1 | 4 |
_aLeche _xProducción. _965400 |
| 650 | 1 | 4 |
_aProyectos _xEvaluación. _992525 |
| 856 |
_3Finding aid _uhttp://10.13.5.2/tesis/105487.pdf _zTeclea aqui |
||
| 901 | _aBK | ||
| 905 | _aLuisgm | ||
| 942 | _cFOLL | ||
| 949 |
_aTesis _bBC _cTES _d33724002032248 _eTS2 _fc.2 _h46922 _i105487 _si |
||
| 949 |
_aTesis _bBC _cTES _d33724002032280 _eTS1 _h46921 _i105487 _sb |
||
| 999 |
_c93916 _d93916 |
||